000 00438nam a22001337a 4500
040 _cNUST
082 _a220 PRO
100 _aMUHAMMAD SAMI HARIS NADEEM SAAD AHMAD MUSTAFA MEHDI
_9130940
110 _aProject Supervisor, Dr. Taosif Iqbal
245 _aPR-SOF-2563-Bike Conversion Kit For Internal Combustion Engine Replacement
260 _aISLAMABAD:
_bNUST COLLEGE OF EME,
_c2025.
650 _aDE-ELECT-43
_9130873
942 _2ddc
_cPR
999 _c615066
_d615066